BIBLIOTHÈQUE DE LA MAISON DU MEXIQUE

Logo 1 Logo 2

Tikal (notice nᵒ 1399)

détails MARC
000 -Sello discográfico
campo de control de longitud fija 00813nam a2200289 4500
005 - Identificación de versión
campo de control 20251016082943.0
035 ## - Otros números de control del sistema
Número de control del sistema 27912
099 ## - fechas locales
Tipo de ítem Koha LIBRO
100 ## - Datos de procesamiento general
Datos de procesamiento general 20020619d1971 m y1spay5003 ba
105 ## - Campo de datos codificados: Material textual, monográfico
Datos codificados de monografía a 001zy
200 1# - Título y mención de responsabilidad
Título propio Tikal
Designación general del material texto impreso
Otra información del título guía de las antiguas ruinas mayas
Primer mención de responsabilidad William R. Coe
205 ## - Declaración de edición
Declaración de edición 1a ed
210 ## - Publicación, distribución, etc.
Lugar de publicación, distribución, etc. Guatemala
Nombre del editor, distribuidor, etc. Litografías modernas
Fecha de publicación, distribución, etc. 1971
215 ## - Descripción física
Designación de material específico y extensión del ítem 123 p
Otras características físicas principalmente il.
Dimensiones 23 cm
327 1# - Nota de contenidos
Texto de la nota Con mapa
345 ## - Nota de información de adquisición
Fuente de adquisición/dirección de la suscripción [OBSOLETO] Donación
607 ## - Nombre geográfico utilizado como tema
Elemento de entrada Tikal (Guatemala)
Subdivisión temática Antigüedades
Número Koha 3595
660 ## - Código de área geográfica
Código MX
700 ## - Nombre personal - Responsabilidad primaria
Elemento de entrada Coe
Parte del nombre distinta del elemento de entrada William Robertson
Fechas 1926-2009
Número Koha 3596
801 #0 - Fuente de origen
Agencia cm
900 ## -
-- 1/1351
900 ## -
-- 7100213133\190602
942 ## - ELEMENTOS DE ENTRADA SECUNDARIOS (KOHA)
Tipo de ítem Koha Livre
996 ## -
-- MEX
-- 751145101
-- MMAG
-- 007401
-- 913.72 C65TI
-- 20230208LIV
Exemplaires
Estatus retirado Estado de daño Estado de pérdida Fecha de adquisición Biblioteca de origen Biblioteca actual Ubicación en estantería Código de barras Precio de reemplazo Signatura topográfica completa No para préstamo Tipo de ítem Koha Nota pública Nota no pública
      05/08/2025 Casa México Paris Casa México Paris   007401 05/08/2025 913.72 C65TI   Livre 20230208LIV 751145101